000 00605nam a2200193Ia 4500
008 120823t2005 xxu||||| |||| 00| 0 sin d
041 _asin
080 _a8-31 (eng)
_bSTI
100 _aStine,R. L.
245 _aඅඳුරු වනයේ අද්භූත සතුන්
246 _aAnduru Wanaye Adbhutha Sathun
260 _aSenarath Publishers
_aImbulgoda
_c2005
300 _b226p, ill, 21 cm
500 _aSinhalese Translation of R. L. Stine's of They Call Me Creature
700 _aMunasinghe,Chamila
_etr.
942 _cBK
999 _c41063
_d41063
003 LK-CoDNM
040 _aLK-CoDNM
_dLK-CoDNM
_eLK-CoDNM